000 00671cab a2200217 4500
001 WB2745-08
008 090401t1991 xxu||||| |||| 00| 0 eng d
035 _a(Sirsi) u44685
041 _aeng
245 _aSolar energy for council estate
260 _c1991
350 _a0
490 _aDoE News Release
_v(696) 14 November 1991 (2)
520 _aSolar air collectors are to be installed at a Newham council estate as part of the Estate Action programme in the borough.
650 _aESTATE ACTION PROGRAMME
650 _aNEWHAM LBC
650 _aSOLAR ENERGY
690 _aBUILDING AND CONSTRUCTION-ENERGY CONSERVATION
942 _n0
948 _c04/03/1997
999 _c28394
_d28394